| 000 | 00578nam a2200241Ia 4500 | ||
|---|---|---|---|
| 003 | OSt | ||
| 005 | 20221005122319.0 | ||
| 006 | a|||||r|||| 00| 0 | ||
| 007 | ta | ||
| 008 | 221004b |||||||| |||| 00| 0 eng d | ||
| 024 | _a50178 | ||
| 037 | _cTextual | ||
| 040 |
_aCRL _cCRL _beng |
||
| 041 |
_2eng _aeng |
||
| 082 | _aQ3, J1-;1 | ||
| 100 | _aJain Jyoti Prasad | ||
| 245 | 0 | _aJainism, old living religion | |
| 260 | _c1951 | ||
| 650 | _a RELIGION | ||
| 650 | _aJAINISM | ||
| 942 |
_hQ3, J1-;1 _cTEXL _2cc |
||
| 999 |
_c1043906 _d1043906 |
||